Sports Quiz

Random Sports or WWE Quiz

WWE wrestlers who've Main Evented the Big 4 PPV Quiz Stats

 Plays Quiz not verified by Sporcle

Challenge
Share
Tweet
Embed
Score 0/14 Timer 07:00
1 Play Today
Event achieved at Answer % Correct
SurvivorSeries 2008John Cena
96%
Royal Rumble 1990Hulk Hogan
95.7%
Royal Rumble 2002Triple H
95.1%
WrestleMaina 13The Undertaker
95%
SummerSlam 2000The Rock
93.3%
Royal Rumble 2001'Stone Cold' Steve Austin
92.8%
WrestleMania XXVRandy Orton
91%
Event achieved at Answer % Correct
WrestleMania XBret Hart
90.6%
SurvivorSeries 2016Brock Lesnar
85.3%
Royal Rumble 2010Edge
84.1%
Royal Rumble 2006Kurt Angle
81.6%
Survior Series 1996Shawn Michaels
75.6%
Survivor Series 1993Yokozuna
70.2%
Survivor Series 2004Chris Benoit
69.7%

You're not logged in!

Compare scores with friends on all Sporcle quizzes.
Join for Free
OR
Log In

You Might Also Like...

Show Comments

Extras

Top Quizzes Today


Score Distribution

Your Account Isn't Verified!

In order to create a playlist on Sporcle, you need to verify the email address you used during registration. Go to your Sporcle Settings to finish the process.

Report this User

Report this user for behavior that violates our Community Guidelines.

Details: